Largest Extent of Modern Countries - Statistics

General Stats
  • This quiz has been taken 51 times
  • The average score is 12 of 12
Answer Stats
Picture Answer % Correct
Mexican Empire
100%
Mongol Empire
100%
Russian Empire
100%
British Empire
98%
Empire of Japan
98%
French Colonial Empire
98%
Italian Empire
98%
Spanish Empire
98%
Greater German Reich
96%
Gran Colombia
93%
Kingdom of Sweden
93%
Ottoman Empire
93%
No matching quizzes found
Score Distribution
Percent of People with Each Score
Percentile by Number Answered
Your Score History
You have not taken this quiz